Tilastot visalle Sanat - "Sininen uni"

Klikkaa tästä pelataksesi tätä visaa!

Yleistilastot

  • Tätä visaa on pelattu 45 kertaa
  • Keskiarvotulos 95 / 126

Vastaustilastot

Vastaus% Oikein
Ja
100%
ja
100%
la
100%
Nukku-Matti
100%
on
100%
se
100%
kun
97%
lamppu
97%
oikea
97%
saapuu
97%
sammuu
97%
97%
ilta
93%
Joka
93%
lyö
93%
sillä
93%
hiljaa
90%
niin
90%
auto
86%
sininen
86%
kaapin
83%
sipsuttaa
83%
taa
83%
unen
83%
hyppää
79%
niillä
79%
ovehen
79%
tossut
79%
nousee
76%
sinistä
72%
uninen
72%
vie
72%
maata
69%
ovesta
69%
sisään
69%
surrur
69%
näin
66%
päin
66%
pieni
66%
syö
66%
hampailla
62%
sateenvarjo
62%
unien
62%
uniset
62%
vyö
62%
hiipii
59%
hyrrää
59%
kainalossaan
59%
kantaa
59%
kirjaa
59%
laa
59%
tie
59%
aivan
55%
jäätelönpalaa
55%
laulaa
55%
pienillä
55%
autolla
52%
kallellaan
52%
lähtee
52%
lapset
52%
sinne
52%
unista
52%
lakki
48%
laulun
48%
kultainen
45%
metsä
45%
metsässä
45%
puu
45%
unisen
45%
siellä
41%
sinimaahan
41%
lapsia
38%
linnulla
38%
sinilintu
38%
suu
38%
tuudittaa
38%
lallati
7%

Tulosjakauma

Persentiili vastausten määrän mukaan

Jokaisen tuloksen saaneiden osuus

Tuloshistoriasi

Et ole pelannut tätä visaa